000 00521nam a2200169 4500
001 132653
003 ES-MaACL
005 20230906194224.0
007 t|
008 070214s1968 sp r ||||1| spa d
100 1 _aRomanovsky, Vsevolod.
_999267
245 1 0 _aFísica del océano /
_cVsevolod Romanovsky ; traducción de Antonio Ribera.
260 _aBarcelona :
_bMartínez Roca,
_c1968.
300 _a194 p., 5 lám. :
_bil. ;
_c18 cm.
700 1 _aRibera, Antonio.
_996769
852 _aES-MaACL
_jC-34849
_bR.66403
999 _c132653
_d132653